Manual of Audio Visual Techniques (Record no. 152297)

MARC details
000 -LEADER
fixed length control field 00363nam a2200133Ia 4500
008 - FIXED-LENGTH DATA ELEMENTS--GENERAL INFORMATION
fixed length control field 230411s9999 xx 000 0 und d
041 ## - LANGUAGE CODE
Language code of text/sound track or separate title eng
082 ## - DEWEY DECIMAL CLASSIFICATION NUMBER
Classification number AD/610.7/DEK/COC/B00861
100 ## - MAIN ENTRY--PERSONAL NAME
Personal name Dekieffer R & Cochran L
9 (RLIN) 176834
245 ## - TITLE STATEMENT
Title Manual of Audio Visual Techniques
260 ## - PUBLICATION, DISTRIBUTION, ETC. (IMPRINT)
Name of publisher, distributor, etc. Prentice-Hall
Place of publication, distribution, etc. New Delhi
Date of publication, distribution, etc. 1962
300 ## - PHYSICAL DESCRIPTION
Extent 254p
Holdings
Withdrawn status Lost status Damaged status Not for loan Collection code Home library Current library Date acquired Vendor Full call number Barcode Date last seen Bill Date Koha item type Original Barcode
      Reference   Smt. Bakul Tambat Institute of Nursing Education Smt. Bakul Tambat Institute of Nursing Education 05/06/2002 Donated AD 610.7 DEK COC B00861 BTIN-BK-861 11/04/2023 05/06/2002 Books B00861